Análisis cuantitativo de la actividad turística

Guardat en:
Dades bibliogràfiques
Autors principals: Alegre Martín, Joaquín (Autor), Cladera Munar, Magdalena (Autor), Juaneda Sampol, Catalina N (Autor)
Format: Llibre
Idioma:espanyol
Publicat: Madrid Pirámide 2003
Col·lecció:Economía y Empresa
Matèries:
Etiquetes: Afegir etiqueta
Sense etiquetes, Sigues el primer a etiquetar aquest registre!

MARC

LEADER 00000nam a2200000 a 4500
001 UCG0782
003 CL-VaPUC
008 100408e20030000SP |||||||||||||||||spa|d
020 |a 843681746X 
082 0 4 |a 338.4791  |b ALE  |2 21 
100 0 |a Alegre Martín, Joaquín  |e author  |9 548329 
700 0 |a Cladera Munar, Magdalena  |e author  |9 548330 
700 0 |a Juaneda Sampol, Catalina N  |e author  |9 548331 
245 1 0 |a Análisis cuantitativo de la actividad turística 
300 |a 303 p 
942 |c BK 
945 |d 20100408 00:00:00  |a rbrito 
260 |a Madrid  |b Pirámide  |c 2003 
650 0 |a Turismo  |9 308920 
650 0 |a Industria turística  |9 347913 
650 0 |a Desarrollo turístico   |9 525699 
650 0 |a Análisis económico  |9 259939 
583 |a last modification  |c 20130328 11:19:20  |k Rodrigo Vera 
490 0 |a Economía y Empresa 
999 |c 340305  |d 340303 
952 |0 0  |1 0  |4 0  |6 338_479100000000000_ALE_2003  |7 0  |8 A  |9 434900  |a BIBING  |b BIBING  |d 2019-11-22  |i 4658728  |o 338.4791 ALE 2003  |p 4658728  |r 2025-01-20  |w 2019-11-22  |y BK  |k GEO